1135 1005 1963 1859 1760 1399 1056 1306 1206 1443 1551 1876 1194 1775 1438 1697 1664 1262 1940 1474 1910 1782 1421 1173 1974 1327 1011 1588 1916 1808 1013 1926 1206 1303 1307 1846 1652 1183 1716 1700 1973 1213 1228 1191 1163 1497 1502 1855 1609 1854 1936 1133 1327 1660 1674 1732 1386 1632 1746 1759 1821 1087 1678 1030 1100 1203 1585 1623 1654 1956 1642 1975 1633 1643 1429 1288 1657 1573 1317 1621 1489 1454 1161 1987 1360 1143 1630 1030 1725 1642 1075 1404 1306 1066 1581 1041 1511 1143 1572 BCNSPRNW ULIB Ver.6.0+V

เปลี่ยนเป็นภาษาไทย

Change to English
 แสดงรายละเอียดบรรณานุกรม
  กลับหน้าหลัก

Brief Record : Get Marc (ISO 2709) : E-mail record : QR code < ปิดหน้าต่าง
LEADER : 00000nam 2200000uu 4500
001    13399112159
003     ULIB
008    110627s2553||||th 000 0 tha d
020    9789746907545
090    นว.^bฟ731จ 2553
100 0  เฟื่องนคร
245 00 เจ้าสาวไร่ส้ม/^cเฟื่องนคร
250    พิมพ์ครั้งที่ 1
260    กรุงเทพฯ :^bดอกหญ้า,^c2553
300    464 หน้า
710 1  ดอกหญ้า
945    ^p0^l0^i028020
995    ทศพร
999 ^a ใช้งานได้ทุกระบบ
รายการนี้ยังไม่มีแท็ก
คุณยังไม่ได้ล็อกอิน คุณสามารถมีกิจกรรมร่วมกับเว็บไซต์ได้ แต่ต้องล็อกอินก่อน ::
  ล็อกอิน

รายการสื่อสารสนเทศ

ลำดับที่ ประเภท เลขเรียก/บาร์โค้ด สถานที่ สถานะ
- ไม่พบข้อมูล -

BibComment


ยังไม่เคยถูกคอมเมนท์

คอมเมนท์ทรัพยากรรายการนี้
  คอมเมนท์: เจ้าสาวไร่ส้ม เฟื..


 Copyright 2026. Bcnsprnw @Library